000 00297nam a22001337a 4500
008 171016b xxu||||| |||| 00| 0 eng d
020 _a2900176664106
041 _aeng
080 _a33
100 _a52
101 _aECO
245 _aECON CONTEMPORARY ECONOMICS
_cJAMES.P
942 _2udc
_cBK
999 _c34138
_d34138